00685cam a2200205Ia 4500008004100000020002500041245010700066260003800173300004300211610001700254650005300271650002800324650004000352700002400392700001900416710001700435003000100452005001700453040000900470  a9780500342664 (hbk.)00aShop architects :bout of practice /cKimberley J. Holden ... [et al.] ; introduction by Philip Nobel. aLondon :bThames & Hudson,c2012. a431 p. :bill.(chiefly col.) ;c26 cm.20aShop (Firm). 0aArchitectural firmszNew York (State)zNew York. 0aArchitecture, American. 0aArchitecture, Moderny21st century.1 aHolden, Kimberly J.1 aNobel, Philip.2 aSHoP (Firm).20230123122219.0 cNUST